| 000 | 00707nam a2200265 a 4500 | ||
|---|---|---|---|
| 001 | BRL_71 | ||
| 005 | 20190320210557.0 | ||
| 008 | 810407s1985 mx-af#####---#000-0bspa-u | ||
| 020 | _a9681618963 | ||
| 040 |
_aDLC _cDLC _dDLC |
||
| 041 | _aspa | ||
| 044 | _amx | ||
| 050 | 4 |
_aND259.R5 _b.D43 1985 |
|
| 100 | 1 |
_aDebroise, Olivier _95090 |
|
| 245 | 1 | 0 |
_aDiego de Montparnasse _cOlivier Debroise. |
| 260 |
_aMéxico _bFCE _c1985 |
||
| 300 |
_a135 p. _bil. _c22 cm. |
||
| 440 | 0 |
_aLecturas mexicanas _v83 _922829 |
|
| 500 | _aAu148 | ||
| 504 | _aBibliografía: p. 130-134 | ||
| 600 | 1 | 4 |
_aRivera, Diego _d1886-1957 _91330 |
| 650 | 1 | 4 |
_aPintores _vBiografías _zMéxico _92354 |
| 902 | _aGRL | ||
| 942 |
_2lcc _cB |
||
| 999 |
_c8884 _d8884 |
||